MATH - Statistics

General Stats
  • This quiz has been taken 10 times
  • The average score is 6 of 15
Answer Stats
Hint Answer % Correct
Largest side of a right triangle Hyppotenuse
90%
To the third power Cubed
70%
Angle larger than 90 but shorter that 180 degrees Obtuse
70%
Equation in the form ax²+bx+c Quadratic
60%
Number with a real and an imaginary part Complex
50%
Diagram with 3 mutually intersecting circles Venn
50%
___ Value: Distance of a number from the origin (0) Absolute
40%
Letter attributed to the ratio between the circumference and the diameter of a circle Pi
40%
Complete the formula with the coefficients of the equation above: ({}²±√{}²-4{}{})/2{} b b a c a
30%
Leonhard ___: Famous german mathmetician Euler
30%
An equillateral equiangular polygon Regular
30%
4-D equivalent of a cube Tesseract
20%
Center of mass of a polygon Baricenter
0%
A circle that passes through all 3 vertices of a triangle Circumcircle
0%
A 11-gon Hendecagon
0%
No matching quizzes found
Score Distribution
Percent of People with Each Score
Percentile by Number Answered
Your Score History
You have not taken this quiz